000
00224nam a2200097Ia 4500
005
20251222114406.0
008
251222s1900||||xx |||||||||||||| ||spa||
082
_a
DVD0040/B75
245
0
_a
Nueve reinas:nine queens
942
_c
DVD
999
_c
1858
_d
1858